000 00871nam2a2200241 4500
001 rc\2942451
005 20110825182929.7
035 _a(NLR Aleph) 007091150
090 _a13600006
_c13600006
100 _a20110825d1934 |||y0rusy50 ca
101 0 _arus
102 _aRU
105 _ay z |||||
200 1 _aК вопросу о биотипах бурой листовой ржавчины пшеницы в Центральном районе европейской части Союза ССР
210 _d1934
461 0 _1001rc\2942450
_12001#$aБюллетень$e№ 1-$fМоск. с.-х. обл. опытная станция полеводства$v№ 1
700 1 _aБухгейм
_bА. Н.
701 1 _aЛисицына
_bМ. И.
801 0 _aRU
_bNLR
_gpsbo
801 1 _aRU
_bELAR
_2rusmarc
852 _aNLR
_j34-18/806
942 _cBOOK
980 _aNB